History Quiz

Random History or Year Quiz

Did They Make It to the 20th Century? Quiz Stats

 Plays Quiz Updated Oct 13, 2015

Challenge
Share
Tweet
Embed
Score 0/25 Timer 04:00
0 Plays Today
% Correct
Thomas Edison
78.7%
Arthur Conan Doyle
75.3%
Mark Twain
75.1%
Joseph Pulitzer
74.2%
Andrew Carnegie
74.1%
Queen Victoria
73.4%
Grover Cleveland
70%
Scott Joplin
69.2%
L. Frank Baum
68%
Susan B. Anthony
67.9%
Jules Verne
64%
Gustave Eiffel
63.4%
Anton Chekhov
63.1%
% Correct
Annie Oakley
61.8%
Henri Matisse
61.8%
George Westinghouse
60%
Claude Debussy
57.5%
Florence Nightingale
55.3%
Edgar Degas
54.9%
Émile Zola
54.5%
Wyatt Earp
53.7%
John Muir
52.3%
O. Henry
51.9%
Antonín Dvořák
51%
Harriet Tubman
45.1%

You're not logged in!

Compare scores with friends on all Sporcle quizzes.
Join for Free
OR
Log In

You Might Also Like...

Show Comments

Extras

Top Quizzes Today


Score Distribution

Your Account Isn't Verified!

In order to create a playlist on Sporcle, you need to verify the email address you used during registration. Go to your Sporcle Settings to finish the process.

Report this User

Report this user for behavior that violates our Community Guidelines.

Details: